000 00579nam a22002057a 4500
005 20221109100245.0
008 221108b ||||| |||| 00| 0 eng d
040 _cAL
041 _aeng
082 _223
_a610.69
_bLARL
100 _aLarsen and Toubro Limited
_961464
245 _aL and T Spectrum
260 _aNew Delhi
_bLarsen & Toubro Limited
_c?
300 _a71p.
_bPB
_c21x14cm.
365 _2Engineering
650 _aEngineering Construction Projects
_961317
650 _aProcess Cluster
_961318
700 _aLARSEN AND TOUBRO LIMITED
_961319
942 _2ddc
_cGF
999 _c225059
_d225059